000 00685nam a2200229 a 4500
001 19876
003 CO-ViMGA
008 141112s2004 ck r 000 u spa d
020 _a9681859405
040 _aCO-ViMGA
_bspa
_cCO-ViMGA
082 0 4 _a664.9 M394e
100 1 _aMexico : Secretaria de Comercio y Fomento Industrial,
_928838
245 1 0 _aEmbutidos
260 _aMexico :
_bLimusa,
_cSecofi,
_c2000
300 _a259, anexos
490 _aGuías empresariales
590 _aForma de adquisición : Premio Mincultura
650 1 4 _aEMBUTIDOS - INDUSTRIA - MEXICO
_928839
650 1 4 _aINDUSTRIA DE LA CARNE
650 1 4 _aPEQUEÑA Y MEDIANA EMPRESA
_9560
942 _2ddc
_cBK
999 _c29000
_d29000